[Event "Corus-B"]
[Site "Wijk aan Zee"]
[Date "2005.01.20"]
[Round "5"]
[White "Ramirez Alvarez, Alejandro"]
[Black "Smeets, Jan"]
[Result "0-1"]
[WhiteElo "2507"]
[BlackElo "2475"]
[Annotator "Ribli,Z"]
[PlyCount "116"]
[EventDate "2005.01.15"]
[EventType "tourn"]
[EventRounds "13"]
[EventCountry "NED"]
[EventCategory "13"]
[SourceTitle "CBM 105"]
[Source "ChessBase"]
[SourceDate "2005.04.11"]
[SourceVersion "1"]
[SourceVersionDate "2005.04.11"]
[SourceQuality "1"]

1. c4 Nf6 2. Nc3 e5 3. g3 Bb4 4. Bg2 O-O 5. Nf3 Re8 6. O-O c6 {Dieser
Bauernzug hat eine selbständige Bedeutung - mit 6...Nc6, oder mit 6...e4
könnte Schwarz die Hauptvariante wählen.} 7. d3 h6 8. Bd2 (8. Ne4 Nxe4 9. dxe4
a5 $11) 8... a6 $5 $146 {Eine elastische Fortsetzung - im Folgenden kann
Schwarz entweder b7-b5 spielen, oder Bc5-Ba7 ziehen.} (8... d5 9. Nxd5 Nxd5 10.
cxd5 Bxd2 11. Nxd2 (11. dxc6 $2 Ba5 12. Nxe5 Nxc6 13. Nxc6 bxc6 14. Bxc6 Bh3
15. Qa4 Rxe2 $19 {0-1 Ivanov,I-Silman,J/San Mateo 1989/EXT 97 (23)}) 11... cxd5
12. Qb3 $1 $14) (8... Bf8 9. e4 Na6 10. Ne1 d6 11. h3 g6 12. Be3 Nh5 13. Nc2
Be6 14. b3 Bg7 15. d4 exd4 16. Nxd4 $14 {1-0 Weston,P-Hebert,J/Quebec 1998/EXT
2002 (38)}) (8... Na6 9. e4 d6 10. h3 Nc7 11. a3 Ba5 12. b4 Bb6 13. Na4 Ne6 14.
Nxb6 axb6 15. Kh2 Nc7 16. Bc3 $14 {1-0 Azmaiparashvili,Z-Aseev,K/Ohrid 2001 
(45)}) 9. Rc1 (9. e4 d6 10. a3 Bc5 11. b4 Ba7 $11) 9... Bf8 10. Qb3 {Dieser
Damezug gefällt mir nicht - die Dame steht nicht so gut auf b3.} (10. e4 $5)
10... d6 $11 {Schwarz hat eine bequeme Stellung ohne Schwächen.} 11. a4 a5 {
[%csl Yb4,Yc5][%cal Gb8a6,Ga6b4,Ga6c5][%mdl 32] Mit diesem typischen Bauernzug
befestigt Schwarz seine Kontrolle über die schwarzen Felder am Damenflügel.}
12. Rfd1 Na6 13. d4 exd4 (13... e4 14. Ne1 Nb4 15. Nc2 d5 $13) 14. Nxd4 Nc5 {
[%csl Gc5] Der c5N steht ausgezeichnet.} 15. Qc2 Bg4 16. Be3 $6 (16. h3 Bh5 $11
) (16. f3 $11) 16... Qb6 17. Nf5 $6 Bxf5 18. Qxf5 {[#]} Rxe3 $1 {[%mdl 512]
Ein starkes, aber typisches Qualitätsopfer.} 19. fxe3 Qxb2 20. Rc2 Qb6 $15 {
Schwarz hat nur einen Bauern für die Qualität, aber die weiße Bauernstruktur
ist schrecklich schlecht.} (20... Qa3 $15) 21. Rb1 Qa7 {[%cal Ga7g1]} 22. h3
Re8 23. Qf2 Qa6 24. Nd1 $2 (24. Qf4 Re5 $15) 24... Nxa4 $17 {Schwarz hat schon
zwei Bauern für die Qualität und eine gesunde Stellung ohne Schwächen, weil
die weiße Bauernstellung immer schlecht ist.} 25. Nb2 Qb6 {[%csl Gb6][%cal
Gb6g1,Gb6b1]} (25... Nc5 $17) 26. e4 Qb3 (26... Qxf2+ 27. Kxf2 Nc5 $17) 27.
Rcc1 Nxb2 (27... Nc5 $6 28. Nd3 Nxd3 29. exd3 Qxd3 30. Rxb7 $15) 28. e3 {
[%cal Rf2b2,Rb1b3]} Nxe4 29. Rxb2 (29. Qxb2 $2 Qxe3+ $19) 29... Qa3 30. Bxe4
Rxe4 31. Re1 Re7 {Schwarz verteidigt den b7-Bauern und mit drei Bauern für die
Qualität hat er eine viel bessere Stellung.} 32. Ree2 Qc5 {[%csl Gc5]} (32...
a4 $5 33. Ra2 Qc1+ $19) 33. Qf4 a4 34. Qd4 Qa5 (34... Qxd4 35. exd4 a3 36. Rxe7
Bxe7 37. Rxb7 Bf6 38. Rb8+ Kh7 39. Ra8 Bxd4+ 40. Kg2 Bc5 $17) 35. Qb6 Qc3 36.
Qb4 $6 (36. Qd4 $5) 36... Qxb4 (36... Rxe3 $6 37. Qxc3 Rxc3 38. Rxb7 $15) 37.
Rxb4 Re4 38. Rxb7 (38. Rxa4 b5 $17 {[%cal Ge4a4,Rb5a4,Rb5c4]}) 38... Rxc4 39.
Ra7 d5 40. Kf2 a3 {[%csl Ga3][%cal Gf8a3]} 41. Ra8 {Der ernfernte a3-Freibauer
fesselt den weißen Turm auf der a-Linie.} g6 42. Ke1 Rc1+ 43. Kf2 (43. Kd2 Rh1
$19) 43... Kg7 44. Ra4 (44. Ra2 Rc3 $17) 44... Kf6 45. Re1 Rc2+ 46. Re2 Rc3 47.
Ke1 Ke5 $19 {Die Erscheinung des schwarzen Königs im Zentrum entscheidet den
Kampf - Weisß hat keine Chancen.} 48. Kd2 Rb3 49. Kc2 Rb2+ 50. Kd3 Rb1 51. h4
Bb4 52. Kc2 Rb2+ 53. Kd3 Rb3+ 54. Kc2 Rc3+ 55. Kd2 (55. Kb1 c5 $19) 55... c5
56. g4 Ke4 57. g5 hxg5 58. hxg5 Kf3 (58... Rxe3+ $4 59. Rxb4+ cxb4 60. Rxe3+
$18) (58... Rb3+ 59. Kc1 Rxe3 $19 (59... c4 $19)) 0-1

[Event "Biel GM"]
[Site "Biel"]
[Date "1999.07.24"]
[Round "6"]
[White "Bunzmann, Dimitrij"]
[Black "Piket, Jeroen"]
[Result "0-1"]
[WhiteElo "2596"]
[BlackElo "2635"]
[Annotator "Ribli,Z"]
[PlyCount "82"]
[EventDate "1999.07.19"]
[EventType "tourn"]
[EventRounds "10"]
[EventCountry "SUI"]
[EventCategory "14"]
[SourceTitle "CBM 072"]
[Source "ChessBase"]
[SourceDate "1999.10.01"]
[SourceVersion "1"]
[SourceVersionDate "1999.10.01"]
[SourceQuality "1"]

{[%mdl 48]} 1. c4 e5 2. Nc3 Nf6 3. g3 Bb4 {Die Alternative 3...d5 führt zu
offenem Spiel, während nach der Partiefortsetzung ein eher geschlossener,
positioneller Kampf bevorsteht. Ribli.} 4. Bg2 O-O 5. Nf3 Re8 (5... Nc6 {
Das wäre die andere prinzipielle Fortsetzung.}) 6. O-O e4 {Schwarz wartet
nicht ab, er geht mit dem Bauern voran. Wir haben eigentlich eine
Sizilianische Verteidigung 3.Lb5-Variante mit vertauschten Farben.(1.e4 c5 2.
Nf3 Nc6 3.Bb5 g6 4.0-0 Bg7 5.Re1 Nf6 6.e5.)} 7. Ng5 (7. Nd4 Bxc3 8. dxc3 d6 9.
Nc2 (9. Bg5 Nbd7 10. Nc2 h6 11. Bxf6 Nxf6 12. Ne3 Ng4 13. Nxg4 Bxg4 14. f3 Be6
{1/2-1/2 Rosiak,A-Jasnikowski,Z/Mikolajki 1991/EXT 97 (26)}) 9... Nbd7 10. Ne3
b6 11. b3 a5 12. Nd5 Bb7 13. a4 h6 14. h3 Nxd5 15. cxd5 Qf6 16. Be3 Qf5 17. c4
Nc5 {1/2-1/2 Anastasian,A-Gulko,B/Erevan 1996/CBM 53 (42)}) (7. Ne1 {[%cal
Ge1c2]}) 7... Bxc3 8. dxc3 {Das ist die natürliche Antwort. Weiss öffnet die
Diagonale des c1-Läufers, aber die Alternative ist auch spielbar.} (8. bxc3 {
Auf diese Weise bekommt Weiss ein starkes Bauernzentrum.} h6 9. Nh3 Nc6 $13)
8... d6 {Dieser Zug erscheint mir logischer als die Alternative 8...h6. In
Wirklichkeit steht der Springer nicht besonders gut auf g5. Schwarz muß ihn
daher nicht vertreiben.} (8... h6 9. Nh3 d6 10. Nf4 Bf5 11. b3 (11. h3 $5 Nbd7
12. b3 Nf8 13. Nd5 Nxd5 14. Qxd5 Qc8 15. g4 Bg6 16. Bf4 Nd7 17. Rad1 Nf6 18.
Qd4 b6 19. Bg3 a5 20. Rd2 e3 21. Bxa8 Qxa8 22. Rdd1 Re4 23. Qd3 exf2+ 24. Rxf2
Rxg4 25. Qf3 Be4 26. Qe3 Rg6 {1/2-1/2 Kamsky,G-Timman,J/Paris 1991/CBM 26 ext 
(45)}) (11. Be3 Nbd7 12. Nd5 a5 13. Bd4 Nxd5 14. cxd5 $11) 11... a5 12. Nd5
Nbd7 13. Ne3 Bg6 14. h3 a4 15. Bd2 Ne5 16. Re1 Qd7 17. Qc1 b6 {0-1 Glienke,
M-Thinius,M/2.BLN 9899 Kreuzberg-Empor Bln 1999/BL2 (65)}) 9. Nh3 {[%csl Yd5]
[%cal Gh3f4,Gf4d5] Der Springer geht freiwillig zurück, ohne dass Schwarz ...
h6 gespielt hat, und strebt nach d5.} (9. f3 exf3 10. exf3 Nc6 11. Qc2 h6 12.
Nh3 Be6 13. b3 Qd7 14. Nf4 Bf5 15. Qd2 (15. Qd1 Ne5 16. g4 Bh7 17. h4 Ng6 18.
Nxg6 Bxg6 19. Bf4 h5 20. Bg5 Nh7 21. Bf4 Nf6 22. Bg5 Nh7 23. Bf4 {1/2-1/2
Pietzsch,W-Fuchs,R/Schwerin 1969/EXT 99 (23)}) 15... Ne7 16. g4 Bh7 17. h4 Qd8
18. h5 d5 19. c5 Nc6 {1/2-1/2 Kholmov,R-Malich,B/Pecs 1964/EXT 99 (47)}) 9...
Nbd7 {Der Springer steht elastischer auf d7 als auf c6. Hauptsächlich zielt er
nach e5, aber in einigen Varianten kann er nach c5 gelangen und im Falle von
Lg5 verteidigt er den Springer f6.} 10. Qd4 $6 {Dieser Damezug gefällt mir
nicht, denn die Dame steht auf d4 gefährdet.} b6 11. Nf4 {[%csl Yd5][%cal
Gf4d5] Der Springer kontrolliert das Feld d5.} Bb7 $11 {Das weisse Läuferpaar
ist nicht von grosser Bedeutung, denn die Stellung ist eher geschlossen.} 12.
Rd1 Ne5 13. b3 a5 14. Be3 (14. a4 Nc6 15. Qd2 e3 16. fxe3 Ne4 $44 {Schwarz hat
gute Kompensation für den Bauern. Sein Springer steht prächtig auf e4 und die
weisse Bauernstruktur, besonders die e-Bauern, ist schwach.}) 14... Neg4 15.
Bc1 (15. a4 Nxe3 16. Qxe3 $11) 15... a4 $36 {Schwarz hat Raumvorteil im
Zentrum und am Damenflügel.} 16. b4 {Weiss vermeidet Gefahren in der a-Linie,
aber der c-Bauer wird schwach.} (16. Rb1 axb3 17. axb3 Qe7 $15) 16... Ne5 {
[%csl Ge5][%cal Ge5c4]} 17. Be3 c5 $1 18. Qxd6 (18. bxc5 dxc5 19. Qxd8 Raxd8
20. Rxd8 Rxd8 $17 {[%csl Rc4][%cal Re5c4]}) 18... Nxc4 {[%csl Gc4]} 19. Qxd8
Rexd8 20. bxc5 Nxe3 21. fxe3 bxc5 $15 {Schwarz hat die viel bessere
Bauernstruktur und der g2-Läufer ist eingeschlossen.} 22. Rdb1 (22. Rab1 Bc6
$15) 22... Bc6 23. Rb6 Rac8 24. h4 {Ein prophylaktischer Zug, der gegen ...
g7-g5 gerichtet ist.} h6 25. Bh3 Rc7 26. h5 {Weiss muss so spielen, ansonsten
vertreibt Schwarz die einzige aktive weisse Figur mit ...g5.} Kf8 $1 {Schwarz
muss nicht eilen, sondern verbessert zuerst seine Königsstellung.} (26... Rd2
27. Rb8+ Ne8 $5 (27... Kh7 $2 28. Bf5+ $16)) 27. Rab1 Ke7 28. c4 (28. Kf2 $15)
28... Rd2 {[%csl Gd2][%cal Rd2a2]} 29. Ra6 (29. a3 Ra2 {[%cal Ra2a3]}) (29.
R6b2 Rxb2 30. Rxb2 Rb7 31. Rxb7+ Bxb7 $17 {[%cal Rb7a6,Ra6c4]}) (29. R1b2 Rxb2
(29... Rd1+ 30. Kf2 Rc1 $17 {[%csl Rc4][%cal Rc1c4]}) 30. Rxb2 Rb7 $17) 29...
Rxa2 $17 {Schwarz besitzt einen Mehrbauern und die weisse Aktivität ist keine
vollwertige Kompensation.} 30. Rbb6 Kd6 31. Kf2 a3 {Der a-Bauer ist an sich
nicht so gefährlich, aber Schwarz bereitet 32...Tb2 vor.} 32. Ke1 (32. Rb3 Rc2
33. Rbxa3 Rxc4 $17) 32... Rb2 33. Rb5 (33. Rxb2 $2 axb2 34. Rb6 Rb7 $19) 33...
Rb4 {[%csl Rc4][%cal Rb4c4]} 34. Rba5 Rxc4 35. Rxa3 Rb7 {[%csl Gb7,Gc4][%cal
Gb7b1] Die schwarze Türme stehen in der b- und c-Linie sehr aktiv.} 36. Ra2 (
36. Ra1 Rb2 37. Rd1+ Kc7 $17) 36... Rc1+ 37. Kd2 Rg1 {[%csl Rg3][%cal Rg1g3]
Schwarz gewinnt auf g3 einen zweiten Bauern.} 38. Kc3 (38. Bg2 Rbb1 $19 {
[%csl Rd2][%cal Rg1d1,Rd1d2]}) 38... Rxg3 39. Bc8 Rc7 $19 {Weiss verliert den
Bauern e3 und steht aus Verlust.} 40. Bf5 Rxe3+ 41. Kc4 Ke5 {[%cal Re5f5,Re5f4]
Und Weiss gab auf. Er verliert eine Figur.} 0-1

[Event "FIDE World Cup"]
[Site "Khanty-Mansiysk"]
[Date "2005.11.27"]
[Round "1.1"]
[White "Zhang, Zhong"]
[Black "Kobalia, Mihail"]
[Result "1/2-1/2"]
[WhiteElo "2598"]
[BlackElo "2634"]
[Annotator "Ribli,Z"]
[PlyCount "104"]
[EventDate "2005.11.27"]
[EventType "k.o."]
[EventRounds "7"]
[EventCountry "RUS"]
[SourceTitle "CBM 111"]
[Source "ChessBase"]
[SourceDate "2006.04.04"]
[SourceVersion "1"]
[SourceVersionDate "2006.04.04"]
[SourceQuality "1"]

1. c4 Nf6 2. Nc3 e5 3. g3 Bb4 4. Bg2 O-O 5. Nf3 Re8 6. O-O Bxc3 7. bxc3 (7.
dxc3) 7... Nc6 8. Ne1 {[%cal Ge1c2] Weiß öffnet die Diagonale des g2-Läufers
und der Springer zielt auf das c2-Feld. Mit 8.d3 kann man ebenfalls eine
bekannte theoretische Variante erreichen.} (8. d3 e4 $5 9. Nd4 exd3 10. exd3 h6
11. Bf4 Nxd4 12. cxd4 d5 13. Rb1 c6 14. Be5 (14. Qd2 b6 15. a4 Bf5 16. c5 Nd7
17. Rfc1 Qf6 18. Rb4 Re6 19. Bf1 Rae8 20. Bc7 bxc5 21. dxc5 Nxc5 {0-1 Karpov,
A-Anand,V/Frankfurt 1997/CBM 58 ext (54)}) 14... b6 15. Re1 Bb7 16. a4 Nd7 17.
cxd5 cxd5 18. a5 Bc6 {1/2-1/2 Komljenovic,D-Rizouk,A/Sevilla 2003/CB07 (32)})
8... d5 {Schwarz öffnet die Stellung und befreit Weiß von seinem Doppelbauern.
Trotzdem ist dieser Textzug gut, da Schwarz ein starkes Zentrum erhält.} (8...
d6 9. Nc2 Be6 10. d3 h6 11. Ne3 d5 12. cxd5 Nxd5 13. Nxd5 Bxd5 14. e4 Be6 15.
Qe2 Qd6 16. Be3 b5 17. Rfd1 Qa3 18. Qc2 b4 19. d4 $36 {1-0 Bischoff,K-Franke,T/
Bad Zwesten 2004/CBM 98 ext (35)}) (8... b6 9. e4 Bb7 10. Nc2 Na5 11. d3 c6 12.
f4 d5 13. fxe5 Rxe5 14. cxd5 cxd5 15. Bf4 Re8 16. e5 Nd7 17. d4 $36 {0-1 Gulko,
B-Komliakov,V/Internet ICC 2000/EXT 2001 (40)}) 9. cxd5 Nxd5 10. Nc2 Bg4 {
Schwarz hat ein bequemes Spiel, sein Plan ist 11...Qd7 und 12...Bh3.} 11. f3 (
11. h3 Be6 (11... Bh5)) (11. Rb1 Rb8 12. c4 Nde7 13. Ne3 Be6 $11) 11... Bh5 (
11... Be6 $5) 12. e4 Nb6 13. d4 {[%mdl 32] Stufenweise verbessert Weiß seine
Stellung und seine e4 und d4-Zentrumbauern sind durch die Bauern auf f3 und c3
zementiert.} f6 {[%cal Gh5f7,Gf7a2]} (13... Qe7 14. Ba3) 14. Qd3 Na5 (14... Bf7
15. d5 $14) 15. Ne3 (15. d5 c6) 15... c6 {Schwarz verteidigt sich präventiv
gegen d4-d5 und gewinnt nach Bf7 die Herrschaft über das Feld c4.} 16. f4 $14 {
[%csl Gd4,Ge4,Gf4] Weiß hat das Läuferpaar und ein starkes Bauernzentrum und
damit etwas bessere Aussichten.} Bf7 17. fxe5 fxe5 18. Ba3 (18. d5 $1) 18...
Qd7 19. Rf2 {[%cal Ga1f1]} (19. Bb4 Nac4 20. Nf5 a5) 19... Nac4 20. Nxc4 $6 (
20. Bc5 $1 Nxe3 21. Qxe3 Nc4 22. Qd3 $16 {[%csl Rf7][%cal Ra1f1,Rf1f7]}) 20...
Bxc4 (20... Nxc4 21. Raf1 Be6 22. Bc5 b6 23. d5 $18) 21. Qe3 Be6 {[%cal Gb6c4,
Gc4a3,Gc4e3]} 22. Bc5 Rad8 23. Bxb6 (23. dxe5 Nc4 24. Qf4 b6 $132) 23... axb6
24. d5 (24. dxe5 b5 $11) 24... cxd5 25. exd5 Bh3 (25... Bxd5 $2 26. Rd1 Qc6 27.
Qd3 Bxg2 (27... e4 28. Bxe4 $18) 28. Qxd8 $18) 26. Bxh3 Qxh3 27. Qxb6 (27. Rd1)
27... Rxd5 28. Qxb7 {Weiß hat einen Bauern mehr, aber seine Bauern am
Damenflügel sind schwach.} Qe6 29. Raf1 e4 30. Rf7 Rg5 31. Qb3 h6 32. R7f5 Rxf5
33. Rxf5 Kh7 34. Qxe6 Rxe6 35. c4 {[%mdl 4096] Aufgrund des reduzierten
Materials kann Schwarz trotz des Minusbauern die Partie Remis halten.} (35. Rf2
$5) 35... e3 (35... Ra6 36. Rf2 $16 {[%cal Gf2c2]}) 36. Kf1 Ra6 37. Ke2 Rxa2+
38. Kxe3 Rxh2 {Die Stellung ist materiell ausgeglichen, aber Weiß verfügt über
etwas bessere Aussichten aufgrund seines c-Freibauern.} 39. c5 Kg6 (39... Rc2
40. Kd4 Kg6) 40. Rf4 Rg2 41. Kd4 (41. Rf3 h5) 41... Rxg3 42. c6 Ra3 (42... Rg1
43. Kd5 Rc1 44. Rc4 Rd1+) 43. Rf8 Ra7 44. Kc5 h5 $11 {Schwarz möchte seinen
Turm gegen den c-Bauern tauschen, da er mit seinen Bauern am Königsflügel das
Remis halten kann.} 45. Kb6 Re7 46. c7 Rxc7 47. Kxc7 h4 48. Kd6 Kg5 49. Ke5 Kg4
{[%csl Re5,Gg4] Ein typisches Bild in solchen Stellungen: der weiße König
steht auf g4 aktiv und lässt den gegnerischen König nicht in die Nähe der
Bauern.} 50. Rf1 h3 51. Rg1+ Kf3 52. Rxg7 h2 1/2-1/2

[Event "Dubai op"]
[Site "Dubai"]
[Date "2001.04.16"]
[Round "2"]
[White "Vakhidov, Tahir"]
[Black "Anastasian, Ashot"]
[Result "0-1"]
[WhiteElo "2468"]
[BlackElo "2574"]
[Annotator "Ribli,Z"]
[PlyCount "87"]
[EventDate "2001.04.15"]
[EventType "swiss"]
[EventRounds "9"]
[EventCountry "UAE"]
[SourceTitle "CBM 083"]
[Source "ChessBase"]
[SourceDate "2001.07.05"]
[SourceVersion "1"]
[SourceVersionDate "2001.07.05"]
[SourceQuality "1"]

1. c4 e5 2. Nc3 Nf6 3. g3 Bb4 {Diese Variante wird relativ selten gespielt -
die Fortsetzung 3...d5 ist beliebter.} 4. Bg2 Bxc3 {Schwarz verfolgt eine
einfache Strategie - er gibt sein Läuferpaar auf und möchte in der Folge eine
starke Bauernmasse im Zentrum bilden.} 5. bxc3 (5. dxc3) 5... d6 (5... O-O $5 {
Dieser Zug scheint mir logischer. Anschließend kann Schwarz direkt c6 nebst
d7-d5 ziehen.} 6. e4 c6) 6. d3 O-O 7. e4 {Weiß hat ein starkes Bauernzentrum,
aber die schwarze Stellung ist solide.} (7. Nf3 e4) 7... c6 8. Ne2 (8. Nf3 $5
Re8 (8... Qa5 9. Qc2 Nbd7 10. O-O b5 11. cxb5 cxb5 12. Bd2 Qc7 13. a4 bxa4 14.
Rxa4 Nc5 15. Ra3 {1-0 Lalic,B-Petit,R/Metz 1995/EXT 2001 (30)}) 9. O-O h6 10.
h3 (10. Nh4 d5 11. cxd5 cxd5 12. exd5 Nxd5 13. Qb3 Nb6 14. Be3 Nc6 15. c4 Nd7
16. Rfe1 Nf6 17. h3 Qc7 {0-1 Afifi,A-Rogers,I/Dubai 1986/TD (71)}) 10... Nbd7
11. Nh2 Qa5 12. Qc2 d5 13. cxd5 cxd5 14. exd5 Nxd5 15. Bd2 Qc5 16. Rab1 N7f6
17. Rfe1 Bf5 18. c4 {1/2-1/2 Yasinsky,V-Kholmov,R/Moscow 1996/CBM 56 ext (63)})
8... d5 {Es ist richtig, dass Schwarz durch 5...d6 und 8...d5 ein Tempo
verloren hat, aber auch diese Fortsetzung ist gesund.} 9. cxd5 cxd5 10. exd5
Nxd5 11. Qb3 $6 {Dieser Zug gefällt mir nicht - die Dame steht exponiert auf
b3 und hebt die Deckung des Pd3 auf.} (11. O-O Nc6 12. Bb2 (12. Rb1) 12... Bg4
13. h3 Be6 14. a3 Qd7 15. Kh2 Rad8 16. Qc2 Nb6 17. Rad1 Bf5 18. Nc1 Nc4 {
0-1 Barlov,D-Ivanovic,B/Tivat 1994/CBM 43 (62)}) 11... Nb6 {Schwarz hat eine
gute Stellung erreicht - in der Folge kann er Nc6 und Be6 oder Bg4 spielen.
Weiß hat einige Probleme mit seiner Bauernstruktur, der Pd3 ist schwach.} 12.
c4 (12. Ba3 Re8 13. Rd1 Be6 $15) 12... Nc6 13. Be3 Bg4 $15 {[%csl Yd4][%mdl
2048] Der Pd3 ist ebenso wie das Feld d4 eine ewige Schwäche in der weißen
Stellung, .} (13... Bf5 14. Rd1 Re8 15. O-O $11) 14. f3 Bf5 15. Rd1 Nd4 {
[%csl Gd4]} 16. Bxd4 (16. Nxd4 exd4 17. Bc1 Re8+ 18. Kf2 $15) 16... exd4 17.
O-O Re8 {[%csl Ye3][%cal Ge8e2] Schwarz hat positionellen Vorteil - der Bg2
ist eingeschlossen. Schwarz besitzt die Kontrolle über die e-Linie.} 18. Rf2
Qd7 {[%cal Gb6a4,Ga4c5] Schwarz bereitet das Springermanöver .Na4 - Nc5 vor.}
19. g4 (19. f4 Rac8) 19... Bg6 (19... Be6 $15) 20. f4 $5 {Das ist eine
richtige Entscheidung - mag der Zug nun objektiv gut oder schlecht sein, Weiß
muß versuchen, aktives Spiel zu bekommen.} Qxg4 21. Ng3 $1 $132 {Jetzt muss
Schwarz immer mit f4-f5 rechnen.} (21. Nxd4 Rad8 $17) 21... f6 (21... Re3 22.
f5 Bh5 23. Rdf1 $132) 22. Bf3 $6 (22. c5+ $2 Bf7 23. Qb1 Nd5 $17) (22. Bxb7 $5
Rab8 23. Bf3 $132) 22... Qd7 23. c5+ Bf7 24. Qb4 (24. Qb2 Nd5 (24... Na4 25.
Qxb7 Qxb7 26. Bxb7 $13) 25. Qxd4) 24... Nd5 25. Qxd4 Rad8 $15 {Schwarz
befindet sich aufgrund der besseren Bauernstruktur im Vorteil.} 26. Ne4 {
[%cal Ge4d6]} b6 $1 {Mit diesem Zug verhindert Schwarz das drohende 27.Nd6.} (
26... Nxf4 $2 27. Nxf6+ gxf6 28. Qxf4 $14) 27. Bg2 (27. cxb6 axb6 $15) 27...
bxc5 28. Qxc5 Qa4 {[%csl Ga4][%cal Ga4f4,Ra4d1,Ga4a2] Alle weißen Bauern sind
isoliert, zudem hat Schwarz das bessere Figurenspiel.} 29. Rc1 Qa6 {[%cal
Rd8c8,Rc8c1,Ga6d3] Schwarz bereitet 30...Rc8 vor und greift den Pd3 an.} 30.
Rd1 Rc8 31. Qd4 Red8 $17 {[%csl Rd4][%cal Gd8d4]} 32. Qb2 $6 (32. Bh3 Rb8 $17)
32... Ne3 {[%csl Ge3] Das Auftauchen des Springers auf e3 ist sehr unangenehm
für Weiß.} 33. Rc1 Rxc1+ (33... Rb8 34. Qa1 Qxd3 $17) 34. Qxc1 Nxg2 (34... Qxd3
$4 35. Rd2 $18) 35. Rxg2 Qxd3 36. Nxf6+ Kh8 {[%csl Rf6] Nun hängt der Nf6, und
die weiße Königsstellung ist sehr schwach. In solchen Stellungen zeigt sich
eine klare Überlegenheit des Läufers gegenüber dem Springer.} 37. Ng4 Qd4+ (
37... Qd1+ 38. Qxd1 Rxd1+ 39. Kf2 Rd2+ 40. Kg3 Rxg2+ 41. Kxg2 Bxa2 $17) 38. Nf2
(38. Kh1 Qd1+ $19) (38. Ne3 Qxf4 $19) (38. Rf2 Bxa2 $17) 38... Bxa2 {Schwarz
hat einen gesunden Mehrbauern - der entfernte Freibauer auf a7 ist gefährlich.}
39. Rg3 Rb8 {[%cal Rb8b1,Rb1g1]} 40. Rd3 Qf6 41. Qc7 Rb1+ $19 {[%mdl 128] Nach
diesem Zug kann Weiß seine Stellung nicht mehr gegen die vielseitigen
schwarzen Drohungen verteidigen.} 42. Kg2 (42. Rd1 Rxd1+ 43. Nxd1 Qd4+ 44. Nf2
Qa1+ 45. Kg2 Bd5+ 46. Kh3 Qf1+ $19) 42... Qg6+ 43. Kf3 (43. Rg3 Bd5+ $19) 43...
Qh5+ 44. Ke3 (44. Kg2 Bd5+ $19) (44. Ke3 Re1+ 45. Kd2 (45. Kd4 Qd5+ 46. Kc3
Rc1+ $19) 45... Qe2+ 46. Kc3 Rc1+ $19 {[%cal Rc1c7]}) 0-1

[Event "Interzonal-15"]
[Site "Manila"]
[Date "1990.??.??"]
[Round "1"]
[White "Smyslov, Vassily V"]
[Black "El Taher, Fouad"]
[Result "0-1"]
[WhiteElo "2570"]
[BlackElo "2375"]
[Annotator "Ribli,Z"]
[PlyCount "50"]
[EventDate "1990.06.29"]
[EventType "swiss"]
[EventRounds "13"]
[EventCountry "PHI"]
[SourceTitle "CBM 019"]
[Source "ChessBase"]
[SourceDate "1990.12.01"]
[SourceVersion "1"]
[SourceVersionDate "1990.12.01"]
[SourceQuality "1"]

1. g3 e5 2. c4 Nf6 3. Nc3 d5 4. cxd5 Nxd5 5. Bg2 Nb6 6. d3 Be7 7. Be3 O-O 8.
Rc1 f5 (8... Re8 9. Nf3 Nc6 10. O-O Be6 11. a3 Nd5 12. Nxd5 Bxd5 13. Qa4 Bd6
14. Nd2 Bxg2 15. Kxg2 Ne7 16. Qb3 b6 17. Bg5 {Vaganian,R-Gurevich,M URS ch
1988 46/(22)}) 9. Nf3 (9. a3 Kh8 10. Nf3 Nc6 11. O-O f4 12. Bd2 Bg4 13. Ne4 Bd6
14. Nc5 Bxc5 15. Rxc5 Qd6 16. Rc1 {Ibragimov,E-Vyzmanavin,A URS sf Russia ch
Gorky 1989 CBM 16}) 9... Nc6 10. Na4 $2 (10. Qb3+ Kh8 11. O-O f4 12. Bxb6 axb6
13. Qd5 Qxd5 14. Nxd5 Bd6 15. a3 Bg4 16. Rfe1 h6 17. Nc3 $14 {Larsen-Miralles
Cannes 1989 47/38}) 10... e4 $1 11. Qb3+ Kh8 12. dxe4 fxe4 13. Rd1 $2 (13. Nd2
Nd4 14. Qd1 Nf5 $15) 13... Qe8 14. Nd4 (14. Nxb6 exf3 15. Nxa8 fxg2 16. Rg1
Bb4+ 17. Bd2 Bg4 $19) 14... Na5 $1 $19 15. Qb5 Qxb5 16. Nxb5 Nxa4 17. Nxc7 Bb4+
18. Kf1 Nxb2 19. Rb1 Nac4 20. Bc1 e3 21. Bxe3 Nxe3+ 22. Kg1 Bc5 23. Rxb2 Nxg2
24. e3 Bh3 25. Nxa8 Ne1 {Ribli} 0-1